000 00493nam a22001697a 4500
999 _c6531
_d6531
003 GBCCL
005 20241126110605.0
008 180122b xxu||||| |||| 00| 0 eng d
040 _cgbc
082 _a813.54
_bBER
100 _aBerry, Erick
_98363
245 _aLeif the Lucky:
_b Discoverer of America /
_cErick Berry
260 _aIllinois:
_bGarrard Publishing Company,
_c1961
300 _a72 p.;
_bill., col.,
_c23 cm.
650 _aLeif Ericson
_xJuvenile Literature
_911690
942 _2ddc
_cBK